| 000 | nam a22 7a 4500 | ||
|---|---|---|---|
| 999 |
_c330413 _d330413 |
||
| 003 | ASAB | ||
| 005 | 20170710133849.0 | ||
| 008 | 170710b xxu||||| |||| 00| 0 eng d | ||
| 020 | _a978-969-417-178 | ||
| 040 | _cASAB | ||
| 082 | _a614.542 | ||
| 100 |
_aDr. Muhammad Anwar Sulehri _93199 |
||
| 245 |
_aLady Health wokers' role assessment in TB-Dots Program of N.P.F.P and PHC _cDr. Muhammad Anwar Sulehri |
||
| 260 |
_aIslamabad _bHigher Education comission _c2012 |
||
| 300 | _a85 P | ||
| 630 |
_aTuberculosis _93200 |
||
| 942 |
_2ddc _cBK |
||